| 000 | 02140nam a22003257a 4500 | ||
|---|---|---|---|
| 005 | 20100803154138.0 | ||
| 010 | _aENG-97886 B-428447-451 | ||
| 020 |
_a9788132101697 _c595.00 |
||
| 035 | _aEN-81419 | ||
| 035 | _a B-428447-451 | ||
| 037 | _bDBAD/PUB | ||
| 082 | _a332.082 | ||
| 100 |
_aPremchander, Smita _932623 |
||
| 245 |
_aMultiple meanings of money : _bhow women see microfinance / _cby Smita Premchander...[et al] |
||
| 260 |
_aNew Delhi _bSAGE Publications _c2009 |
||
| 270 |
_aB1/I-1 Mohan cooperative Industrial Area Mathura Road _bNew Delhi _e110044 |
||
| 300 |
_axxi,264p _c24cm(pbk) |
||
| 500 | _aincludes bibliographical references and index | ||
| 650 |
_aeconomic assistance Domestic _932624 |
||
| 650 |
_aMicrofinance _932625 |
||
| 650 |
_awomen economic conditions _932626 |
||
| 942 |
_2ddc _cEN _h332.082 _mPRE |
||
| 999 |
_c39031 _d39031 |
||